| 000 | 01125nam0a22002891 4500 | ||
|---|---|---|---|
| 001 | rc\41031 | ||
| 005 | 20021216124553.1 | ||
| 035 | _a(NLR Aleph) 005322862 | ||
| 090 |
_a6507305 _c6507305 |
||
| 100 | _a20021216d1993 u |0rusy50 ca | ||
| 101 | 0 | _arus | |
| 102 | _aRU | ||
| 105 | _aa ||||||||| | ||
| 200 | 1 |
_aВзаимодействие вихрей и струй высотного самолета и хемосорбция окислов азота каплями воды _fЭ.С. Гринац, А.В. Кашеваров, А.Л. Стасенко |
|
| 210 |
_aМ. _cЦАГИ _d1993 |
||
| 215 |
_a[1], 53 с. _cил. _d21 |
||
| 225 | 1 |
_aПрепринт _fЦентр. аэрогидродинам. ин-т им. проф. Н.Е. Жуковского _v№ 81 |
|
| 300 | _aРез. на англ. яз. | ||
| 320 | _aБиблиогр.: с. 51-53 | ||
| 700 | 1 |
_aГринац _bЭ. С. |
|
| 701 | 1 |
_aКашеваров _bА. В. |
|
| 701 | 1 |
_aСтасенко _bА. Л. _gАльберт Леонидович |
|
| 801 | 0 |
_aRU _bNLR _gpsbo |
|
| 801 | 1 |
_aRU _bELAR _2rusmarc |
|
| 852 |
_aNLR _j95-6/978 |
||
| 942 | _cBOOK | ||
| 980 | _aNB | ||